Exoplanets A-Z - Statistics

General Stats
  • This quiz has been taken 15 times
  • The average score is 9 of 26
Answer Stats
Hint Answer % Correct
Q Qingluan | Quijote
75%
A Abol | Ægir | Agouto | Ahra | Albmi | Alef | Amateru | Arber | Arion | Arkas | Astrolábos | Asye | Aumatex | Awasis | Awohali
50%
F Finlay | Fold | Fortitudo
50%
G Galileo | Ganja | Ggantija | Göktürk | Guarani | Guataubá
50%
J Janssen | Jebus
50%
O Onasilos | Orbitar
50%
R Ramajay | Regoč | Riosar | Rocinante
50%
S Saffar | Samagiya | Samh | Sancho | Santamasa | Sazum | Sissi | Smertrios | Spe | Staburags | Su | Sumajmajta | Surt
50%
T Tadmor | Tahay | Tanzanite | Taphao Kaew | Taphao Thong | Tassili | Teberda | Thestias | Toge | Tondra | Trimobe | Tryzub | Tumearandu | Tylos
50%
V Veles | Victoriapeak | Viculus | Viriato | Vlasina | Vytis
50%
X Xólotl | Xolotlan
50%
Y Yanyan | Yvaga
50%
Z Zembretta
50%
B Babylonia | Bagan | Baiduri | Bambaruush | Banksia | Barajeel | Beirut | Bélisama | Bendida | Bocaprins | Boinayel | Brahe | Bran | Buru
25%
H Haiku | Hairu | Halla | Hämarik | Harriot | Hiisi | Hypatia
25%
I Ibirapitá | Indépendance | Iolaus | Isagel | Isli | Ixbalanqué | Iztok
25%
K Kavian | Kererū | Khomsa | Koyopa' | Kráľomoc | Krotoa | Kua'kua
25%
L Laligurans | Leklsullun | Lete | Levantes | Lipperhey
25%
M Madalitso | Madriu | Maeping | Magor | Majriti | Makombé | Makropulos | Mastika | Melquíades | Meztli | Mintome | Mulchatna
25%
N Nachtwacht | Najsakopajk | Nakanbé | Naqaỹa | Naron | Negoiu | Neri | Noifasui
25%
P Peitruss | Perwana | Phailinsiam | Phobetor | Pipitea | Pirx | Pollera | Poltergeist | Puli
25%
U Ugarit | Umbäässa
25%
W Wadirum | Wangshu
25%
C Caleuche | Catalineta | Cayahuanca | Chura | Cruinlagh | Cuancoá | Cuptor
0%
D Dragon | Dimidium | Ditsö̀ | Dopere | Draugr | Drukuyl | Dulcinea
0%
E Eburonia | Eiger | Enaiposha | Equiano | Eyeke
0%
No matching quizzes found
Score Distribution
Percent of People with Each Score
Percentile by Number Answered
Your Score History
You have not taken this quiz